Kanadan kaupunkeja jääkiekkojoukkueiden mukaan - Statistics

Yleistilastot
  • Tätä visaa on pelattu 109 kertaa
  • Keskiarvotulos 7 / 7
Vastaustilastot
Kuvavisa Hint Vastaus % Oikein
1 011 000 Edmonton
100%
2 794 000 Toronto
100%
1 018 000 Ottawa
98%
1 895 000 Montreal
97%
750 000 Winnipeg
94%
1 307 000 Calgary
92%
662 000 Vancouver
86%
Ehtoja vastaavia visoja ei löytynyt
Tulosjakauma
Jokaisen tuloksen saaneiden osuus
Persentiili vastausten määrän mukaan
Tuloshistoriasi
Et ole pelannut tätä visaa